000 00454nam a2200169 4500
001 113893
003 ES-MaACL
005 20230906190028.0
007 t|
008 061121s1978 sp r ||||1| spa d
100 1 _aPagani, Marcos.
_988254
245 1 0 _aModelismo naval /
_cMarcos Pagani.
250 _a[2ª ed.].
260 _aBarcelona :
_bDe Vecchi,
_c1978.
300 _a146 p. 22 láms. :
_bil ;
_c21 cm.
852 _aES-MaACL
_jA-9120
_bR.97818
999 _c113893
_d113893